Datum a čas kvízu
16.5
Celkem bodů
Celkový počet nahraných bodů na tomto kvízu bez doplňovacích otázek.
8.
Pořadí na kvízu
Konečné umístění týmu na tomto kvízu.
Zaznamenané odpovědi
| # | Otázka | Odpověď | Body | Výsledky |
|---|---|---|---|---|
| 1. | Minulý týden jsme se dozvěděli... | Jan Graubner | 0 | |
| 2. | Která země minulý týden schvál... | Chorvatsko | 0 | |
| 3. | Minulý týden se v newyorské au... | Andy Warhol, Marilyn Monroe | 0 | |
| 4. | V pátek byl otevřen nejdelší p... | v České republice | 1 | |
| 5. | Jak se jmenuje český fotbalový... | Bořek Dočkal | 0 | |
| 6. | Podíváme se na nejrůznější omy... | Jan Hartl, Petr Čepek | 0 | |
| 7. | Jeden z nejslavnějších mořepla... | Vespucci | 0 | |
| 8. | Snad jsem si zmýlil odjezd vla... | Poslední kovboj, Michal Tučný | 0.5 | |
| 9. | Slavná liška, hrdinka lyrické... | Rudolf Těsnohlídek, Leoš Janáček | 0 | |
| 10. | A na závěr si připomeneme jedn... | Tomáš Hanák, Oskar | 1 |